| 000 | 00673nam a2200217 a 4500 | ||
|---|---|---|---|
| 003 | BD-DhJNU | ||
| 005 | 20260112043541.0 | ||
| 008 | 251001s2002 ii a b 001 0 eng | ||
| 020 | _a817033425X | ||
| 040 |
_aBD-DhJNU _bENG _cBD-DhJNU _dBD-DhJNU |
||
| 082 | 0 | 0 |
_a910.72 RES _223 |
| 245 | 1 | 0 |
_aResearch methodology in geography / _cEdited by H.N. Misra and Vijai P. Singh |
| 250 | _a5th ed. | ||
| 260 |
_aNew Delhi : _bRawat Publications, _c2002. |
||
| 300 |
_a474 p. : _bill. ; _c22 cm. |
||
| 504 | _aIncludes bibliographical references and index. | ||
| 650 | 0 | _aResearch methodology | |
| 700 | 1 |
_aMisra, H.N. _eEditor |
|
| 700 | 1 |
_aSingh, Vijai P. _eEditor |
|
| 942 | _cBK | ||
| 999 |
_c2510 _d2510 |
||